Vilnius - Choix Multiples - Statistiques

Statistiques générales
  • Ce quiz a été pris 8 fois
  • Le résultat moyen est 4 sur 10
Statistiques - réponses
Question Réponse % Correct
Vilnius a été la capitale du Grand-Duché de Lituanie, qui forma plus tard une union avec : La Pologne
80%
Quel écrivain célèbre, né à Vilnius, a remporté deux fois le prix Goncourt ? Romain Gary
80%
Quelle organisation internationale a son siège à Vilnius ? Institut européen pour l'égalité entre les hommes et les femmes
40%
Quel événement historique est commémoré par le monument des Trois Croix ?

Le martyre de franciscains
40%
Quel saint est représenté sur le drapeau de Vilnius ?

Saint Christophe
40%
Qu’est-ce qui rend le quartier d’Užupis particulièrement célèbre à Vilnius ? Une république artistique et libertaire
40%
Quelle startup née à Vilnius est devenue célèbre dans le monde entier ? Vinted
40%
Lequel de ces bâtiments ne se trouve pas à Vilnius ?
20%
Quel grand-duc a fondé la ville de Vilnius selon la légende ? Gediminas
20%
Quel surnom historique a été donné à Vilnius ? La Jérusalem du Nord
20%
Aucun quiz correspondant
Distribution des résultats
% des personnes avec chaque résultat
Percentile par nombre de réponses
Votre historique - résultats
Vous n’avez pas pris ce quiz